000 00506nam a2200193Ia 4500
001 65373
008 150403s9999 xx 000 0 und d
020 _a
040 _cPK-LaUMT
082 _a 891.4393
_bTAG-S
100 _aTagor, Rabandir Nath
245 _aSehar-e-Bengal (Urdu)
_cTagor, Rabandir Nath|Zubaida Sultana
260 _aLahore,Pakistan:
_bMaqbool Academy,
_c1996
300 _a231 p.
546 _aUR
650 _aPakistani literature-Urdu
700 _aZubaida Sultana
942 _cBK
999 _c68689
_d68689